Josef a Ly : (podle stejnojmenného televizního seriálu) /

Hlavní autor: Vovsová, Anna, 1956-
Jazyk: Čeština
Vydáno: V Praze : XYZ, 2004
Vydání: 1. vyd.
Témata:
Externí odkaz: Digitalizovaný dokument
Fyzický popis: 167 s., [8] s. barev. obr. příl. : il. ; 22 cm
Knihy
Uloženo v:
LEADER 01310nam a2200349 a 4500
001 000755080
003 CZ BrMZK
005 20101206102516.0
007 ta
008 041213s2004 xr af cr 000 j cze d
015 |a cnb001490681 
020 |a 80-86864-10-3  |q (váz.) 
035 |a (OCoLC)85124343 
040 |a BOA001  |b cze 
072 7 |a 821-93  |x Literatura pro děti a mládež (beletrie)  |2 Konspekt  |9 26 
072 7 |a 821.162.3-3  |x Česká próza  |2 Konspekt  |9 25 
080 |a 821-93  |2 MRF 
080 |a 821.162.3-32  |2 MRF 
080 |a (0:82-32)  |2 MRF 
100 1 |a Vovsová, Anna,  |d 1956-  |7 mzk2004261393  |4 aut 
245 1 0 |a Josef a Ly :  |b (podle stejnojmenného televizního seriálu) /  |c Anna Vovsová 
250 |a 1. vyd. 
260 |a V Praze :  |b XYZ,  |c 2004 
300 |a 167 s., [8] s. barev. obr. příl. :  |b il. ;  |c 22 cm 
500 |a Dostupné též v digitální podobě v aplikaci Kramerius 
655 7 |a české příběhy  |7 fd133973  |2 czenas 
655 7 |a publikace pro děti  |7 fd133156  |2 czenas 
856 4 1 |u http://www.digitalniknihovna.cz/mzk/uuid/uuid:f8d0ba10-5a24-11e6-8336-005056827e52  |y Digitalizovaný dokument  |x NDK 
910 |a BOA001  |b 2-1144.560 
990 |a BK 
991 |b 200501 
996 6 |b 2610236842  |c 2-1144.560  |l MZK  |r Sklad / do 1 hodiny  |n 3  |p p.v.  |w 000755080  |u 000010  |a 1  |e BOA001  |j MZK50  |s P